000 00520nam a2200157Ia 4500
008 230907s9999||||xx |||||||||||||| ||und||
082 _a333.9162095491
_bHAR
100 _aHaris Mushtaq (NUST-2013-61518-MCES-64113-F)
_9116324
245 0 _aHydro-economic evaluation of surface water reservoirs on Indus river system /
260 _aUSPCAS-E, NUST,
_bIslamabad :
_c2016
300 _avii, 81 p.
520 _aTH-45
650 _aMS-ESE Thesis MS Thesis
700 _aDr Muhammad Bilal Khan
_919368
942 _cTHE
_2ddc
999 _c601724
_d601724